[Event "Marijampole Buzas Memorial"]
[Site "Marijampole"]
[Date "2023.08.26"]
[Round "1"]
[White "Stauskas, Lukas"]
[Black "Wolyniec, Edmundas"]
[Result "1-0"]
[WhiteElo "2333"]
[BlackElo "1433"]
[PlyCount "45"]
[EventDate "2023.08.26"]
[EventType "swiss (rapid)"]
[EventRounds "9"]
[EventCountry "LTU"]
[SourceTitle "CBM 216 Extra"]
[Source "ChessBase"]
[SourceDate "2023.11.30"]
[SourceVersion "1"]
[SourceVersionDate "2023.11.30"]
[SourceQuality "1"]

1. d4 d5 2. c4 e6 3. Nc3 c6 4. e3 Nf6 5. Nf3 Bd6 6. Qc2 0-0 7. b3 Re8 8. Bb2 Nbd7 9. Be2 e5 10. cxd5 cxd5 11. dxe5 Nxe5 12. 0-0 Be6 13. Rad1 Rc8 14. Qb1 Qc7 15. h3 Qd7 16. Nxe5 Bxe5 17. Bb5 Qc7 18. Bxe8 Rxe8 19. Nb5 Qb8 20. Bxe5 Qxe5 21. Nd4 Bd7 22. Qd3 g5 23. Nf3 1-0